<?xml version="1.0" encoding="UTF-8"?>
<record
    xmlns:xsi="http://www.w3.org/2001/XMLSchema-instance"
    xsi:schemaLocation="http://www.loc.gov/MARC21/slim http://www.loc.gov/standards/marcxml/schema/MARC21slim.xsd"
    xmlns="http://www.loc.gov/MARC21/slim">

  <leader>00964cam a22002891  4500</leader>
  <controlfield tag="001">sa 68014228 </controlfield>
  <controlfield tag="003">DLC</controlfield>
  <controlfield tag="005">20260227112629.0</controlfield>
  <controlfield tag="008">860219s1968    ii            000 0 sanx </controlfield>
  <datafield tag="010" ind1=" " ind2=" ">
    <subfield code="a">sa 68014228 </subfield>
  </datafield>
  <datafield tag="020" ind1=" " ind2=" ">
    <subfield code="c">2.00</subfield>
  </datafield>
  <datafield tag="025" ind1=" " ind2=" ">
    <subfield code="a">PL480: I-San-1138</subfield>
  </datafield>
  <datafield tag="035" ind1=" " ind2=" ">
    <subfield code="a">(OCoLC)13883104</subfield>
  </datafield>
  <datafield tag="040" ind1=" " ind2=" ">
    <subfield code="a">DLC</subfield>
    <subfield code="c">NN</subfield>
    <subfield code="d">DLC</subfield>
  </datafield>
  <datafield tag="041" ind1="0" ind2=" ">
    <subfield code="a">saneng</subfield>
  </datafield>
  <datafield tag="042" ind1=" " ind2=" ">
    <subfield code="a">premarc</subfield>
  </datafield>
  <datafield tag="050" ind1="0" ind2="0">
    <subfield code="a">PK840</subfield>
    <subfield code="b">.R33 1968</subfield>
  </datafield>
  <datafield tag="100" ind1="0" ind2=" ">
    <subfield code="a">Raghun&#x101;tha Manohara,</subfield>
    <subfield code="d">approximately 1758-approximately 1820.</subfield>
  </datafield>
  <datafield tag="245" ind1="1" ind2="0">
    <subfield code="a">Kavikaustubha&#x1E25;.</subfield>
    <subfield code="c">Raghun&#x101;tha-Manohara-pra&#x1E47;&#x12B;ta&#x1E25;.</subfield>
  </datafield>
  <datafield tag="250" ind1=" " ind2=" ">
    <subfield code="a">pratham&#x101;vr&#x325;tli.</subfield>
  </datafield>
  <datafield tag="260" ind1=" " ind2=" ">
    <subfield code="a">Jodhapura,</subfield>
    <subfield code="b">R&#x101;jasth&#x101;na Pr&#x101;cyavidy&#x101; Prati&#x1E63;&#x1E6D;h&#x101;na,</subfield>
    <subfield code="c">1968.</subfield>
  </datafield>
  <datafield tag="300" ind1=" " ind2=" ">
    <subfield code="a">2, 32, 13 p.</subfield>
    <subfield code="b">25 cm.</subfield>
  </datafield>
  <datafield tag="440" ind1=" " ind2="0">
    <subfield code="a">R&#x101;jasth&#x101;na puratana grantham&#x101;l&#x101;,</subfield>
    <subfield code="v">grantha&#x1E45;ka 95</subfield>
  </datafield>
  <datafield tag="500" ind1=" " ind2=" ">
    <subfield code="a">In Sanskrit; introductory matter in Hindi; notes and appendix in English and Sanskrit.</subfield>
  </datafield>
  <datafield tag="504" ind1=" " ind2=" ">
    <subfield code="a">Bibliographical footnotes.</subfield>
  </datafield>
  <datafield tag="650" ind1=" " ind2="0">
    <subfield code="a">Sanskrit language</subfield>
    <subfield code="x">Rhetoric.</subfield>
  </datafield>
  <datafield tag="999" ind1=" " ind2=" ">
    <subfield code="c">85631</subfield>
    <subfield code="d">85631</subfield>
  </datafield>
</record>
